[Event "Tourn. n9657"]
[Site "www.chess-mail.com"]
[Date "2018.02.04"]
[Round "1"]
[White "Caspito"]
[Black "Julian"]
[WhiteElo "1890"]
[BlackElo "1690"]
[Result "0-1"]
[Round "1"]
1.e4 d6
2.d4 Ng8f6
3.Nb1c3 Nb8d7
4.Bc1g5 e5
5.d5 Bf8e7
6.Bf1b5 O-O
7.Qd1f3 h6
8.Bg5h4 a6
9.Bb5a4 b5
10.Ba4b3 Rf8e8
11.a4 b4
12.Nc3e2 Nd7c5
13.Bb3c4 Nf6xe4
14.Bh4xe7 Qd8xe7
15.Qf3e3 f5
16.Ng1f3 g5
17.O-O g4
18.Nf3d2 Ne4xd2
19.Qe3xd2 Qe7g5
20.Qd2xg5 hxg5
21.Ne2g3 f4
22.Ng3h5 Kf7
23.f3 gxf3
24.g3 Kg6
25.Nh5xf4 exf4
26.Rf1xf3 Bc8g4
27.Rf3f2 fxg3
28.hxg3 Re8e4
29.b3 Ra8e8
30.Ra1f1 Bg4h3
31.Rf2f6 Kh5
32.Rf1f3 Bh3g4
33.Rf3f2 Re4e1
34.Bc4f1 Bg4h3
35.Rf2h2 g4
36.Rh2f2 Re8e5
37.Rf6f8 Nc5e4
38.Rf2f4 Ne4xg3
{ resign }
0-1

[Event "Tourn. n9639"]
[Site "www.chess-mail.com"]
[Date "2018.02.04"]
[Round "1"]
[White "Pariolinius"]
[Black "Redapond1"]
[WhiteElo "1670"]
[BlackElo "1680"]
[Result "0-1"]
[Round "1"]
1.d4 d5
2.c4 Ng8f6
3.Nb1c3 dxc4
4.e4 e6
5.Bf1xc4 Nb8c6
6.Ng1f3 Bf8b4
7.Qd1c2 O-O
8.O-O Bb4xc3
9.bxc3 Rf8e8
10.Bc1a3 e5
11.Nf3g5 Bc8e6
12.Ng5xe6 fxe6
13.Rf1d1 exd4
14.cxd4 Kh8
15.d5 exd5
16.exd5 Nc6e5
17.Bc4b5 Nf6d7
18.Ba3b2 a6
19.Bb5e2 Nd7f6
20.Qc2b3 Ra8b8
21.Ra1c1 Qd8d7
22.Qb3g3 Ne5g6
23.Be2c4 Nf6e4
24.Qg3d3 Ng6f4
25.Qd3f3 Qd7f5
26.Rd1e1 Nf4h3
27.Qf3xh3 Qf5xf2
28.Kh1 Qf2xe1
29.Rc1xe1 Ne4f2
30.Kg1 Nf2xh3
31.gxh3 Re8xe1
32.Kf2 Re1e4
33.Bc4b3 Rb8f8
34.Kg3 h5
35.Bb3c2 h4
36.Kg2 Re4e2
37.Kg1 Re2xc2
38.Bb2e5 Rc2f2
39.Be5d4 Rf2f5
40.Bd4c5 Rf5g5
{ resign }
0-1

[Event "Tourn. n9657"]
[Site "www.chess-mail.com"]
[Date "2018.02.04"]
[Round "1"]
[White "Falcoale"]
[Black "Julian"]
[WhiteElo "1940"]
[BlackElo "1690"]
[Result "1-0"]
[Round "1"]
1.e4 d6
2.d4 Ng8f6
3.Nb1c3 Nb8d7
4.Ng1f3 e5
5.Bf1c4 Bf8e7
6.O-O exd4
7.Nf3xd4 O-O
8.Nd4f5 Nd7e5
9.Nf5xe7 Qd8xe7
10.Bc4b3 Bc8e6
11.Bc1g5 Be6xb3
12.axb3 c6
13.f4 Ne5d7
14.Rf1e1 h6
15.Bg5h4 Qe7e6
16.f5 Qe6e5
17.Bh4g3 Qe5c5
18.Bg3f2 Nd7e5
19.Bf2xc5 dxc5
20.Qd1d6 Ra8e8
21.Qd6xc5 Nf6d7
22.Qc5xa7 b5
23.Ra1d1 Re8a8
24.Qa7e3 Ra8d8
25.Nc3e2 c5
26.Ne2c3 b4
27.Nc3d5 c4
28.bxc4 Ne5xc4
29.Qe3b3 Nd7e5
30.Nd5e7 Kh7
31.Rd1xd8 Rf8xd8
32.Ne7d5 Rd8b8
33.Re1d1 f6
34.Rd1d4 h5
35.Rd4xc4 Ne5xc4
36.Qb3xc4 { resign }
1-0

[Event "Match"]
[Site "www.echecsemail.com"]
[Date "2018.02.04"]
[Round "1"]
[White "Ssharp"]
[Black "Bojan"]
[WhiteElo "2350"]
[BlackElo "1970"]
[Result "1-0"]
[Round "1"]
1.e4 e5
2.d4 exd4
3.c3 dxc3
4.Bf1c4 Qd8f6
5.Nb1xc3 Bf8c5
6.Ng1f3 c6
7.O-O h6
8.e5 Qf6d8
9.Nc3e4 Bc5e7
10.Qd1b3 g5
11.Bc4xf7 Kf8
12.Bf7g6 Rh8h7
13.Bg6xh7 Kg7
14.Qb3d3 Qd8e8
15.Bc1d2 c5
16.Bd2c3 Qe8f8
17.Ne4f6 Ng8xf6
18.Qd3g6 Kh8
19.exf6 { resign }
1-0

[Event "Match"]
[Site "www.echecsemail.com"]
[Date "2018.02.04"]
[Round "1"]
[White "Gidi5"]
[Black "Luzhin"]
[WhiteElo "2250"]
[BlackElo "2390"]
[Result "0-1"]
[Round "1"]
1.e4 c5
2.Ng1f3 d6
3.d4 cxd4
4.Nf3xd4 Ng8f6
5.Nb1c3 g6
6.Bf1b5 Bc8d7
7.Bb5xd7 Nb8xd7
8.Bc1e3 Bf8g7
9.O-O O-O
10.f4 Ra8c8
11.Qd1e2 Nd7b6
12.Be3f2 Nb6c4
13.Ra1d1 Nc4xb2
14.Rd1b1 Rc8xc3
15.Rb1xb2 Qd8c8
16.Nd4b5 Rc3c4
17.Nb5xa7 Qc8e6
18.Rb2xb7 Nf6xe4
19.Rf1e1 Ne4xf2
20.Rb7xe7 Qe6d5
21.Re7e8 Nf2h3
{ resign }
0-1

[Event "Match"]
[Site "www.echecsemail.com"]
[Date "2018.02.04"]
[Round "1"]
[White "Billyg"]
[Black "Azocarwagner"]
[WhiteElo "1770"]
[BlackElo "1860"]
[Result "0-1"]
[Round "1"]
1.e4 e5
2.Ng1f3 Nb8c6
3.d4 exd4
4.Nf3xd4 Ng8f6
5.Nd4xc6 bxc6
6.Bc1g5 Bf8e7
7.Nb1c3 O-O
8.Bf1e2 d5
9.Bg5xf6 Be7xf6
10.O-O d4
11.Nc3a4 Bc8d7
12.Na4c5 Rf8e8
13.Nc5b7 Qd8e7
14.Qd1d3 Qe7xe4
15.Nb7c5 Qe4xe2
16.Qd3xe2 Re8xe2
17.Nc5xd7 Re2xc2
18.Nd7xf6 gxf6
19.b4 Kg7
20.a4 d3
21.Rf1d1 d2
22.Kf1 Ra8e8
23.b5 Re8e5
24.bxc6 Re5c5
25.Ke2 Rc5d5
26.Ra1a3 Rd5e5
27.Kf1 Rc2c1
28.Ra3g3 Kf8
{ resign }
0-1

[Event "1/32 Finale"]
[Site "www.chess-mail.com"]
[Date "2018.02.04"]
[Round "1"]
[White "Fvdp"]
[Black "Szustan"]
[WhiteElo "2509"]
[BlackElo "2560"]
[Result "1/2-1/2"]
[Round "1"]
1.e4 e5
2.Ng1f3 Nb8c6
3.d4 exd4
4.Nf3xd4 Nc6xd4
5.Qd1xd4 d6
6.Nb1c3 Ng8f6
7.h3 Bf8e7
8.Bc1e3 O-O
9.O-O-O c6
10.f4 b5
11.g4 c5
12.Qd4d3 b4
13.Nc3d5 Nf6xd5
14.Qd3xd5 Bc8e6
15.Qd5c6 Qd8b6
16.Qc6a4 Qb6b7
17.Bf1b5 Qb7xe4
18.Rh1e1 Be7h4
19.Bb5c6 Qe4c4
20.Bc6xa8 Bh4xe1
21.Rd1xe1 Rf8xa8
22.Qa4c6 Ra8c8
{ draw }
1/2-1/2

[Event "Fast Game"]
[Site "www.echecsemail.com"]
[Date "2018.02.04"]
[Round "1"]
[White "Attatroll"]
[Black "Fabos12"]
[WhiteElo "1790"]
[BlackElo "1720"]
[Result "0-1"]
[Round "1"]
1.e4 e6
2.d4 d5
3.Nb1c3 Bf8b4
4.exd5 exd5
5.Bf1d3 Ng8f6
6.Ng1f3 Qd8e7
7.Nf3e5 c5
8.O-O c4
9.Bd3e2 Bb4xc3
10.bxc3 O-O
11.a4 Nb8d7
12.Ne5xd7 Bc8xd7
13.Bc1a3 Qe7e4
14.Ba3xf8 Ra8xf8
15.Be2f3 Qe4g6
16.Rf1e1 Nf6e4
17.Bf3xe4 dxe4
18.Qd1e2 e3
19.Qe2xe3 Qg6xc2
20.Re1e2 Qc2d3
21.Qe3xd3 cxd3
22.Re2d2 { time. }
0-1

[Event "Fast Game"]
[Site "www.echecsemail.com"]
[Date "2018.02.04"]
[Round "1"]
[White "Hennie4820"]
[Black "Attatroll"]
[WhiteElo "1670"]
[BlackElo "1790"]
[Result "1-0"]
[Round "1"]
1.e4 d6
2.d4 Ng8f6
3.f3 g6
4.c4 Bf8g7
5.Nb1c3 O-O
6.Bc1e3 a6
7.Qd1d2 Nb8d7
8.Ng1e2 c6
9.Ne2c1 b5
10.cxb5 axb5
11.Bf1d3 Bc8b7
12.O-O Nd7b6
13.Nc1e2 Nb6c4
14.Bd3xc4 bxc4
15.a3 Nf6d7
{ time. }
1-0

[Event "Fast Game"]
[Site "www.echecsemail.com"]
[Date "2018.02.04"]
[Round "1"]
[White "Attatroll"]
[Black "Izastar"]
[WhiteElo "1780"]
[BlackElo "1839"]
[Result "0-1"]
[Round "1"]
1.e4 c5
2.Nb1c3 e6
3.g4 Nb8c6
4.Bf1g2 Ng8f6
5.h3 Qd8b6
6.d3 Bf8e7
7.Ng1e2 d6
8.O-O O-O
9.f4 Bc8d7
10.Ne2g3 Nc6d4
11.Nc3e2 Nd4xe2
12.Qd1xe2 Ra8c8
13.Bc1e3 Qb6c7
14.f5 d5
15.Be3f4 e5
16.Bf4g5 d4
17.Ng3h5 { time. }
0-1

[Event "Tourn. n9684"]
[Site "www.chess-mail.com"]
[Date "2018.02.05"]
[Round "1"]
[White "Awfen"]
[Black "Falcoale"]
[WhiteElo "2030"]
[BlackElo "1900"]
[Result "1-0"]
[Round "1"]
1.e4 c5
2.Bf1c4 Nb8c6
3.Ng1f3 e6
4.O-O a6
5.a3 b5
6.Bc4e2 Bc8b7
7.d3 Ng8f6
8.Bc1g5 Bf8e7
9.Nb1d2 h6
10.Bg5e3 O-O
11.e5 Nf6d5
12.c3 Ra8b8
13.d4 Nd5xe3
14.fxe3 cxd4
15.exd4 f5
16.exf6 Be7xf6
17.Nd2e4 Nc6xd4
18.Ne4xf6 Rf8xf6
19.Qd1xd4 d6
20.Ra1d1 Bb7d5
21.Qd4g4 Qd8e8
22.Qg4g3 Qe8f8
23.Nf3h4 g5
24.Nh4f3 Rb8d8
25.Nf3d4 e5
26.Rf1xf6 Qf8xf6
27.Rd1f1 Qf6e7
28.Nd4f5 Qe7e6
29.Qg3h3 Kh7
30.Be2d3 e4
31.Bd3c2 Bd5c6
32.Qh3g3 d5
33.Nf5d4 Qe6c8
34.Nd4xc6 Qc8xc6
35.Rf1f7 Kg6
36.Qg3f2 Qc6e6
37.Rf7b7 Rd8d6
38.Rb7b8 Rd6d7
39.h3 Rd7f7
40.Qf2e3 Kh7
41.Qe3d4 Qe6f6
42.Qd4xf6 Rf7xf6
43.Rb8d8 Rf6e6
44.Rd8xd5 Kg7
45.Kf2 Kf6
46.Ke3 { resign }
1-0

[Event "Tourn. n9659"]
[Site "www.chess-mail.com"]
[Date "2018.02.05"]
[Round "1"]
[White "Fabos12"]
[Black "Malbertan"]
[WhiteElo "1990"]
[BlackElo "1960"]
[Result "0-1"]
[Round "1"]
1.d4 Ng8f6
2.c4 e6
3.Nb1c3 Bf8b4
4.a3 Bb4xc3
5.bxc3 c5
6.d5 O-O
7.d6 Nf6e4
8.Qd1d3 f5
9.g4 Qd8h4
10.Bc1e3 f4
11.Qd3xe4 fxe3
12.Qe4xe3 Qh4xg4
13.Qe3xc5 b6
14.Qc5d4 Rf8f4
15.Qd4d3 Bc8a6
16.h3 Qg4g5
17.e4 Nb8c6
18.Ng1f3 Qg5f6
19.Bf1e2 Ra8f8
20.Nf3d4 Nc6e5
21.Qd3c2 Rf4xf2
22.Rh1f1 Rf2xf1
23.Be2xf1 Qf6xf1
24.Kd2 Ne5xc4

0-1

[Event "Tourn. n9701"]
[Site "www.chess-mail.com"]
[Date "2018.02.05"]
[Round "1"]
[White "Dussek"]
[Black "Llcervello"]
[WhiteElo "1790"]
[BlackElo "1630"]
[Result "1-0"]
[Round "1"]
1.e4 d5
2.exd5 Qd8xd5
3.Nb1c3 Qd5e5
4.Qd1e2 Nb8c6
5.Ng1f3 Qe5f5
6.d3 Bc8d7
7.g3 O-O-O
8.Bf1g2 e6
9.O-O Ng8f6
10.Nf3h4 Nc6d4
11.Qe2e3 Nd4xc2
12.Qe3xa7 c6
13.Nh4xf5 Nc2xa1
14.Bc1f4 Bd7e8
15.Qa7b8 Kd7
16.Qb8c7 { resign }
1-0

[Event "Tourn. n9672"]
[Site "www.chess-mail.com"]
[Date "2018.02.05"]
[Round "1"]
[White "Panham"]
[Black "Prize64"]
[WhiteElo "2230"]
[BlackElo "2180"]
[Result "0-1"]
[Round "1"]
1.e4 c5
2.Ng1f3 Nb8c6
3.Bf1b5 Ng8f6
4.Bb5xc6 dxc6
5.d3 Bc8g4
6.Bc1e3 b6
7.O-O g6
8.Nb1d2 Bf8g7
9.Ra1b1 O-O
10.h3 Bg4xf3
11.Qd1xf3 Qd8c7
12.b4 cxb4
13.Rb1xb4 Nf6d7
14.g4 Nd7e5
15.Qf3g3 Qc7b7
16.f4 c5
17.Rb4b3 Ne5c6
18.Be3xc5 Qb7a6
19.Bc5a3 Nc6d4
{ resign }
0-1

[Event "Tourn. n9664"]
[Site "www.chess-mail.com"]
[Date "2018.02.05"]
[Round "1"]
[White "Fabos12"]
[Black "Bojan"]
[WhiteElo "2010"]
[BlackElo "2100"]
[Result "1-0"]
[Round "1"]
1.d4 e6
2.e4 h6
3.Bc1e3 d6
4.Bf1d3 Bc8d7
5.Ng1e2 c5
6.c3 Qd8b6
7.Qd1c2 Ng8f6
8.dxc5 dxc5
9.b4 Qb6c7
10.a3 e5
11.Nb1d2 b6
12.O-O Nf6g4
13.Bd3c4 Bf8e7
14.h3 Ng4xe3
15.fxe3 f6
16.Bc4d5 Bd7c6
17.Qc2b3 Nb8d7
18.Bd5f7 Kd8
19.b5 Bc6b7
20.Bf7g6 Be7d6
21.Nd2c4 Bd6e7
22.Ra1d1 Kc8
23.Rd1d2 Nd7f8
24.Bg6f5 Kb8
25.Rf1d1 Bb7c8
26.Bf5xc8 Qc7xc8
27.Nc4d6 Qc8e6
28.Qb3a4 Nf8g6
29.Qa4a6 Qe6d7
30.Nd6f7 Qd7c8
31.Nf7xh8 Ng6xh8
32.Qa6xc8 Kxc8
33.Rd2d7 Nh8g6
34.Ne2g3 a6
35.Ng3f5 Be7f8
36.Rd7d8 Kb7
37.Rd1d7 
1-0

[Event "Match"]
[Site "www.echecsemail.com"]
[Date "2018.02.05"]
[Round "1"]
[White "Pinehill"]
[Black "Meskienas"]
[WhiteElo "2030"]
[BlackElo "1979"]
[Result "1-0"]
[Round "1"]
1.e4 c5
2.Ng1f3 d6
3.a3 Nb8c6
4.c3 Ng8f6
5.d3 g6
6.Bf1e2 Bf8g7
7.Bc1e3 O-O
8.Nb1d2 e5
9.O-O Bc8e6
10.Ra1c1 b6
11.h3 d5
12.exd5 Nf6xd5
13.Be3g5 Qd8d7
14.c4 Nd5e7
15.Rf1e1 h6
16.Bg5xe7 Qd7xe7
17.Be2f1 Ra8d8
18.Qd1c2 Nc6d4
19.Nf3xd4 exd4
20.g4 Qe7g5
21.Nd2e4  { time }
1-0

[Event "Match"]
[Site "www.echecsemail.com"]
[Date "2018.02.05"]
[Round "1"]
[White "Jovaras"]
[Black "Ditto"]
[WhiteElo "1809"]
[BlackElo "1980"]
[Result "1-0"]
[Round "1"]
1.e4 e5
2.Ng1f3 Nb8c6
3.Bf1b5 Bf8c5
4.O-O Ng8e7
5.c3 O-O
6.d4 exd4
7.cxd4 Bc5b6
8.Nb1c3  { time }
1-0

[Event "1/128 Finale"]
[Site "www.chess-mail.com"]
[Date "2018.02.05"]
[Round "1"]
[White "Picifarkinca"]
[Black "Claudia"]
[WhiteElo "1650"]
[BlackElo "1970"]
[Result "0-1"]
[Round "1"]
1.d4 Ng8f6
2.Bc1g5 d5
3.Bg5xf6 exf6
4.e3 Bc8f5
5.Bf1d3 Qd8d7
6.Bd3xf5 Qd7xf5
7.Ng1f3 Bf8d6
8.Nb1d2 Nb8c6
9.a3 O-O-O
10.c4 g5
11.Qd1b1 Qf5xb1
12.Ra1xb1 dxc4
13.Nd2xc4 Bd6e7
14.O-O h5
15.Rf1d1 h4
16.b4 g4
17.Nf3d2 b5
18.Nc4b2 f5
19.Rb1c1 Kb7
20.Nd2b3 a6
21.Nb3c5 Be7xc5
22.Rc1xc5 Nc6e7
23.Rd1c1 Rd8d7
24.Nb2d3 f6
25.Nd3f4 Rh8a8
26.Nf4e6 c6
27.Ne6f4 a5
28.d5 Ne7xd5
29.Nf4xd5 Rd7xd5
30.Rc5xd5 cxd5
31.Kf1 axb4
32.axb4 Ra8a4
33.Rc1b1 Ra4a2
34.Ke1 Ra2c2
35.Rb1b3 Kc6
{ resign }
0-1

[Event "Fast Game"]
[Site "www.echecsemail.com"]
[Date "2018.02.05"]
[Round "1"]
[White "Danquigley"]
[Black "Apdash"]
[WhiteElo "2079"]
[BlackElo "2070"]
[Result "1-0"]
[Round "1"]
1.c4 e6
2.g3 d5
3.Bf1g2 Ng8f6
4.Ng1f3 c5
5.cxd5 exd5
6.d4 cxd4
7.O-O Nb8c6
8.Nf3xd4 Bf8c5
9.Nd4xc6 bxc6
10.Qd1c2 Qd8b6
11.Nb1c3 Qb6b7
12.Nc3xd5 Bc5xf2
13.Rf1xf2 Nf6xd5
14.Qc2c5 Bc8e6
15.Bc1e3 Nd5e7
16.Qc5e5 Rh8g8
17.Be3c5 Ra8d8
18.Rf2xf7 Be6xf7
19.Bg2xc6 { resign }
1-0

[Event "Tourn. n9680"]
[Site "www.chess-mail.com"]
[Date "2018.02.06"]
[Round "1"]
[White "Claymil"]
[Black "Attatroll"]
[WhiteElo "2030"]
[BlackElo "1910"]
[Result "0-1"]
[Round "1"]
1.c4 e5
2.Nb1c3 Ng8f6
3.g3 c6
4.Bf1g2 Bf8b4
5.e3 O-O
6.Ng1e2 d5
7.cxd5 cxd5
8.O-O Nb8c6
9.a3 Bb4a5
10.h3 Bc8e6
11.d4 e4
12.Ne2f4 Ba5c7
13.Nf4xe6 fxe6
14.b4 Ra8c8
15.Bc1b2 a6
16.Ra1c1 Qd8e8
17.Nc3a4 Bc7d6
18.Na4c5 Qe8e7
19.f4 g6
20.g4 Nf6e8
21.Qd1e1 Ne8g7
22.Qe1e2 Bd6xc5
{ resign }
0-1

[Event "Tourn. n9718"]
[Site "www.chess-mail.com"]
[Date "2018.02.06"]
[Round "1"]
[White "Malbertan"]
[Black "Falcoale"]
[WhiteElo "1920"]
[BlackElo "1960"]
[Result "1/2-1/2"]
[Round "1"]
1.d3 c5
2.f4 Nb8c6
3.Ng1f3 Ng8f6
4.g3 e6
5.Bf1g2 d5
6.O-O Bf8d6
7.Nb1c3 a6
8.e4 dxe4
9.dxe4 Nf6d7
10.e5 Bd6e7
11.Nc3e4 O-O
12.Nf3g5 h6
13.Qd1h5 Nc6d4
14.c3 { draw }
1/2-1/2

[Event "Tourn. n9650"]
[Site "www.chess-mail.com"]
[Date "2018.02.06"]
[Round "1"]
[White "Dussek"]
[Black "Claymil"]
[WhiteElo "1850"]
[BlackElo "2030"]
[Result "0-1"]
[Round "1"]
1.e4 c5
2.c3 Nb8c6
3.Ng1f3 g6
4.d4 cxd4
5.cxd4 d5
6.e5 Bf8g7
7.Bf1b5 Bc8d7
8.Nb1c3 e6
9.Bc1g5 f6
10.Bb5xc6 bxc6
11.Bg5h4 g5
12.Bh4g3 f5
13.h3 h6
14.Qd1c2 Ng8e7
15.Ra1c1 O-O
16.O-O Qd8b6
17.Nc3a4 Qb6c7
18.Na4c5 Bd7c8
19.b4 a5
20.b5 cxb5
21.Qc2b2 Qc7b6
22.Nc5a4 Qb6b8
23.Na4c5 b4
24.Nf3d2 f4
25.Bg3h2 Ne7f5
26.Rf1d1 Rf8e8
27.Rc1c2 Nf5xd4
28.Qb2xd4 Bg7xe5
29.Qd4d3 Be5g7
30.Qd3g6 Qb8b5
31.Kh1 Ra8a7
32.Bh2g1 e5
33.f3 Ra7f7
34.Qg6d3 Qb5b8
35.Qd3g6 Bc8f5
36.Qg6c6 Bf5xc2
37.Rd1c1 Re8c8
38.Nc5a6 Rc8xc6
39.Na6xb8 Rc6c3
40.Nb8a6 Rf7b7
41.Nd2b3 Bc2xb3
42.Rc1d1 Bb3xd1
{ resign }
0-1

[Event "Tourn. n9661"]
[Site "www.chess-mail.com"]
[Date "2018.02.06"]
[Round "1"]
[White "Luizassis"]
[Black "Muderfuger"]
[WhiteElo "1240"]
[BlackElo "1499"]
[Result "0-1"]
[Round "1"]
1.e4 e5
2.Ng1f3 Bf8c5
3.Nf3xe5 Qd8f6
4.Ne5g4 Qf6f4
5.d4 Qf4xe4
6.Qd1e2 Qe4e6
7.dxc5 Nb8a6
8.Qe2xe6 dxe6
9.Bf1xa6 bxa6
10.O-O e5
11.Ng4xe5 Ng8f6
12.Bc1g5 O-O
13.Bg5xf6 gxf6
14.Ne5f3 Bc8f5
15.Nf3d4 { time. }
0-1

[Event "Tourn. n9702"]
[Site "www.chess-mail.com"]
[Date "2018.02.06"]
[Round "1"]
[White "Pellix84"]
[Black "Mitja"]
[WhiteElo "2060"]
[BlackElo "2020"]
[Result "1-0"]
[Round "1"]
1.d4 d5
2.c4 dxc4
3.e3 e6
4.Bf1xc4 c6
5.Ng1f3 h6
6.O-O Ng8f6
7.b3 Nb8d7
8.Bc1b2 b6
9.Nb1d2 Bc8b7
10.Nf3e5 Nd7xe5
11.dxe5 Nf6d5
12.Qd1g4 Qd8c8
13.Ra1d1 Qc8c7
14.e4 Nd5e7
15.f4 O-O-O
16.f5 Kb8
17.fxe6 fxe6
18.Bc4xe6 Bb7c8
19.Nd2c4 Bc8xe6
20.Qg4xe6 Rd8xd1
21.Rf1xd1 c5
22.Rd1d7 Qc7c6
23.Rd7xe7 Qc6xe6
24.Re7xe6 g5
25.Re6e8 Kc7
26.e6 { resign }
1-0

[Event "Tourn. n9592"]
[Site "www.chess-mail.com"]
[Date "2018.02.06"]
[Round "1"]
[White "Obisporey"]
[Black "Rons"]
[WhiteElo "2610"]
[BlackElo "2630"]
[Result "0-1"]
[Round "1"]
1.e4 c5
2.Ng1f3 d6
3.d4 cxd4
4.Nf3xd4 Ng8f6
5.f3 e5
6.Nd4b3 d5
7.Bc1g5 Bc8e6
8.Bg5xf6 gxf6
9.Bf1b5 Nb8c6
10.exd5 Be6xd5
11.Nb1c3 Bf8b4
12.Qd1d3 Bb4xc3
13.Qd3xc3 Qd8b6
14.Bb5xc6 Qb6xc6
15.Qc3xc6 Bd5xc6
16.Nb3a5 Bc6d5
17.c4 Bd5e6
18.Na5xb7 Ra8b8
19.Nb7d6 Ke7
20.O-O-O Rb8b6
21.Nd6e4 Be6xc4
22.b3 Bc4e6
23.Kb2 f5
24.Ne4c3 f6
25.Rd1d2 h5
26.Rh1c1 Rb6c6
27.Nc3d5 Be6xd5
28.Rd2xd5 Rc6xc1
29.Kxc1 h4
30.Rd5a5 Rh8g8
31.Ra5xa7 Kd6
32.Ra7a6 Kc5
33.Ra6xf6 f4
34.Rf6e6 Kd5
35.Re6h6 Kd4
36.Rh6xh4 Rg8xg2
37.a4 Kc3
38.Kd1 Kd3
39.Kc1 e4
40.Rh4xf4 e3
41.Rf4f8 Rg2c2
42.Kb1 e2
43.Rf8e8 Rc2d2
44.h4 Rd2d1
45.Kb2 e1Q
46.Re8d8 Ke3
47.Rd8e8 Kxf3
48.Re8xe1 Rd1xe1
{ resign }
0-1

[Event "Tourn. n9710"]
[Site "www.chess-mail.com"]
[Date "2018.02.06"]
[Round "1"]
[White "Caroluigi"]
[Black "Picifarkinca"]
[WhiteElo "1400"]
[BlackElo "1640"]
[Result "1-0"]
[Round "1"]
1.e4 e5
2.Ng1f3 d6
3.Bf1c4 c6
4.Nb1c3 b5
5.Bc4b3 Bc8e6
6.d3 Be6xb3
7.axb3 a5
8.O-O Ng8f6
9.Bc1d2 Bf8e7
10.Rf1e1 Nb8d7
11.Nc3e2 O-O
12.Ne2g3 Rf8e8
13.Ng3f5 Be7f8
14.Qd1c1 Nd7c5
15.b4 axb4
16.Bd2xb4 Nc5b7
17.Qc1g5 c5
18.Nf5h6 { resign }
1-0

[Event "Tourn. n9699"]
[Site "www.chess-mail.com"]
[Date "2018.02.06"]
[Round "1"]
[White "Begory"]
[Black "Azulmarino"]
[WhiteElo "1590"]
[BlackElo "1530"]
[Result "0-1"]
[Round "1"]
1.e4 e5
2.Bf1c4 Ng8f6
3.Ng1f3 Nb8c6
4.O-O d6
5.Nf3g5 Bc8e6
6.Bc4b5 Be6d7
7.Bb5c4 d5
8.exd5 Bd7g4
9.f3 Bf8c5
10.Kh1 e4
11.fxg4 Nc6e5
12.Bc4b3 Ne5xg4
13.Qd1xg4 Nf6xg4
14.Ng5xf7 Qd8h4
15.h3 Ng4f2
16.Kg1 Nf2g4
17.Kh1 Qh4g3
{ resign }
0-1

[Event "Tourn. n9528"]
[Site "www.chess-mail.com"]
[Date "2018.02.06"]
[Round "1"]
[White "Ssharp"]
[Black "Vaido12"]
[WhiteElo "2200"]
[BlackElo "2500"]
[Result "0-1"]
[Round "1"]
1.e4 c6
2.d4 d5
3.e5 c5
4.c3 Nb8c6
5.Ng1f3 cxd4
6.cxd4 Bc8g4
7.Bf1e2 e6
8.O-O Qd8b6
9.Nb1d2 Bg4f5
10.Nd2b3 a5
11.a4 h6
12.Bc1e3 Bf5h7
13.Be2b5 Bf8b4
14.Ra1c1 Ng8e7
15.Qd1e2 O-O
16.Rf1d1 Nc6a7
17.Bb5d3 Bh7xd3
18.Qe2xd3 Ne7f5
19.Be3d2 Rf8c8
20.g4 Bb4xd2
21.Rc1xc8 Ra8xc8
22.Rd1xd2 Nf5e7
23.Rd2c2 Qb6b4
24.Rc2xc8 Ne7xc8
25.Qd3c3 Qb4xc3
26.bxc3 b5
27.axb5 a4
28.Nb3c5 a3
29.Nf3e1 Na7xb5
30.Nc5a4 a2
31.Ne1c2 Kh7
32.Kf1 Kg6
33.f4 f5
34.h3 fxg4
35.hxg4 Kf7
36.Ke2 Nc8e7
37.Kd2 g6
38.Kc1 Nb5a3
39.Nc2a1 h5
40.Kd1 hxg4
41.Ke2 Na3b1
42.Kf2 Ne7f5
43.Ke2 Nf5g3
44.Kf2 Ng3e4
45.Kg2 Ke7
46.Na1c2 Nb1a3
47.Nc2a1 Na3c4
48.Kf1 g3
49.Kg1 Nc4e3
50.Kh1 Ne4d2
51.Na4c5 Nd2f3
{ resign }
0-1

[Event "Tourn. n9592"]
[Site "www.chess-mail.com"]
[Date "2018.02.06"]
[Round "1"]
[White "Obisporey"]
[Black "Sbb"]
[WhiteElo "2610"]
[BlackElo "2540"]
[Result "0-1"]
[Round "1"]
1.e4 e6
2.d4 d5
3.exd5 exd5
4.Ng1f3 Bf8d6
5.c4 Ng8f6
6.c5 Bd6e7
7.Nb1c3 O-O
8.Bc1e3 b6
9.Bf1e2 Nf6g4
10.Be3f4 bxc5
11.dxc5 Be7xc5
12.O-O c6
13.Qd1c2 Bc5d6
14.Bf4g3 Ng4f6
15.Rf1e1 Bc8g4
16.Nf3e5 Bg4xe2
17.Nc3xe2 Rf8e8
18.Ne2d4 c5
19.Nd4f5 Bd6xe5
20.Bg3xe5 Nb8d7
21.Be5d6 Qd8b6
22.Qc2c3 a5
23.Nf5e7 Kh8
24.Bd6g3 Qb6b4
25.Ra1d1 d4
26.Qc3c1 a4
27.f3 h6
28.Qc1c2 Nd7b6
29.Re1e5 Qb4c4
30.Qc2b1 Qc4a6
31.Qb1c1 Nb6c4
32.Re5xc5 Nc4e3
33.Rc5c6 Qa6b5
34.Rd1xd4 Re8xe7
35.Rc6c5 Qb5b6
36.Rd4d6 Qb6b7
37.Bg3h4 Ra8e8
38.Bh4xf6 gxf6
39.Rd6xf6 Kg7
40.Rf6c6 Qb7d7
41.h4 f6
42.Kh2 Qd7d3
43.Kh3 Qd3e2
{ resign }
0-1

[Event "Tourn. n9700"]
[Site "www.chess-mail.com"]
[Date "2018.02.06"]
[Round "1"]
[White "Caspito"]
[Black "Fabos12"]
[WhiteElo "1960"]
[BlackElo "2000"]
[Result "1-0"]
[Round "1"]
1.e4 e6
2.d4 d5
3.e5 c5
4.Ng1f3 Nb8c6
5.Bf1b5 Qd8c7
6.O-O f6
7.Bc1f4 Ng8e7
8.Qd1d2 a6
9.Bb5xc6 Ne7xc6
10.c3 cxd4
11.cxd4  { time }
1-0

[Event "Tourn. n9620"]
[Site "www.chess-mail.com"]
[Date "2018.02.06"]
[Round "1"]
[White "Apdash"]
[Black "Pdebonis"]
[WhiteElo "2350"]
[BlackElo "2700"]
[Result "0-1"]
[Round "1"]
1.e4 c5
2.Ng1f3 d6
3.d4 cxd4
4.Nf3xd4 Ng8f6
5.Nb1c3 g6
6.Bf1c4 Bf8g7
7.O-O O-O
8.Bc4b3 Nb8c6
9.f3 Nf6xe4
10.Nd4xc6 Ne4xc3
11.Nc6xd8 Nc3xd1
12.Nd8xf7 Bg7d4
13.Kh1 Nd1f2
14.Rf1xf2 Bd4xf2
15.Nf7xd6 Kg7
16.Nd6e4 Bf2d4
17.c3 Bd4f6
18.g4 Bc8d7
19.g5 Bf6e5
20.Ne4c5 Bd7h3
21.f4 Be5xf4
22.Bc1xf4 Rf8xf4
23.Bb3e6 b6
24.Be6xh3 bxc5
25.Ra1e1 Ra8d8
26.Re1xe7 Rf4f7
27.Re7e2 Rd8d1
28.Kg2 Rd1d5
29.Kg1 c4
30.Bh3f1 Rd5xg5
31.Bf1g2 Rf7f6
32.Re2e7 Kh6
33.Re7xa7 Rf6b6
34.Kf1 Rb6xb2
35.Bg2c6 Rg5c5
36.Bc6d7 Rc5d5
37.Bd7g4 Rd5d2
{ resign }
0-1

[Event "Tourn. n9617"]
[Site "www.chess-mail.com"]
[Date "2018.02.06"]
[Round "1"]
[White "Coolant"]
[Black "Pdebonis"]
[WhiteElo "2360"]
[BlackElo "2700"]
[Result "0-1"]
[Round "1"]
1.c4 Ng8f6
2.Nb1c3 e6
3.e4 e5
4.Ng1f3 Nb8c6
5.a3 Bf8d6
6.b4 a5
7.b5 Nc6d4
8.d3 Nd4xf3
9.Qd1xf3 Bd6c5
10.Bc1e3 d6
11.h3 Nf6d7
12.Bf1e2 Bc5d4
13.Be3xd4 exd4
14.Nc3a4 Qd8g5
15.Qf3g3 Qg5xg3
16.fxg3 Nd7e5
17.c5 dxc5
18.Na4xc5 a4
19.Ra1c1 b6
20.Nc5a6 Bc8xa6
21.bxa6 c5
22.Kd2 Ra8xa6
23.Rc1b1 Ke7
24.Rb1b5 Kd6
25.Rh1b1 Rh8b8
26.Kc2 Kc6
27.Kd2 f6
28.Kc2 Rb8b7
29.Kd2 Rb7f7
30.Be2f3 f5
31.exf5 Ne5xf3
32.gxf3 Rf7xf5
33.f4 g5
34.fxg5 Rf5f2
35.Ke1 Rf2f3
{ resign }
0-1

[Event "Tourn. n9718"]
[Site "www.chess-mail.com"]
[Date "2018.02.06"]
[Round "1"]
[White "Falcoale"]
[Black "Bojan"]
[WhiteElo "1960"]
[BlackElo "1950"]
[Result "1-0"]
[Round "1"]
1.e4 e5
2.Ng1f3 d6
3.Nb1c3 c6
4.b3 Qd8f6
5.d3 h6
6.Bf1e2 Bf8e7
7.O-O Qf6g6
8.Nf3e1 f5
9.Be2h5 Qg6f7
10.Bh5xf7 Kxf7
11.f4 exf4
12.Bc1xf4 g5
13.Bf4d2 Kg6
14.exf5 Bc8xf5
15.Ne1f3 Kh7
16.Nf3xg5 Be7xg5
17.Rf1xf5 Kg6
18.Rf5f3 Nb8d7
19.Rf3g3 Ng8f6
20.h4 Nf6h5
21.Rg3f3 Bg5f6
22.Ra1b1 Ra8f8
23.Nc3e4 Bf6e5
24.Rf3xf8 Rh8xf8
25.Qd1g4 { resign }
1-0

[Event "Tourn. n9659"]
[Site "www.chess-mail.com"]
[Date "2018.02.06"]
[Round "1"]
[White "Falcoale"]
[Black "Andychesston"]
[WhiteElo "1850"]
[BlackElo "1990"]
[Result "0-1"]
[Round "1"]
1.e4 e5
2.Ng1f3 Nb8c6
3.Bf1c4 Bf8e7
4.O-O d6
5.a3 Bc8g4
6.c3 Ng8f6
7.d3 O-O
8.Nb1d2 a6
9.h3 Bg4h5
10.Qd1e1 d5
11.exd5 Nf6xd5
12.Nf3xe5 Be7f6
13.d4 Rf8e8
14.f4 Nc6a5
15.Qe1f2 Na5xc4
16.Nd2xc4 Bf6xe5
17.fxe5 b5
18.Nc4e3 Bh5g6
19.Ne3xd5 Qd8xd5
20.Bc1f4 Re8e6
21.Kh1 Ra8f8
22.Rf1e1 a5
23.Qf2d2 a4
24.Ra1c1 Re6c6
25.Re1f1 Rc6c4
26.Qd2f2 c5
27.dxc5 Bg6e4
28.Rc1d1 Qd5c6
29.Rd1d6 Qc6xc5
30.Qf2d2 Qc5c8
31.Rd6d4 Rc4xd4
32.cxd4 Qc8xh3
33.Bf4h2 Qh3e6
34.Rf1c1 Rf8c8
35.Rc1e1 Rc8c2
36.Qd2b4 Be4xg2
37.Kg1 Qe6g4
38.Qb4e7 Bg2h3
{ resign }
0-1

[Event "Match"]
[Site "www.echecsemail.com"]
[Date "2018.02.06"]
[Round "1"]
[White "Meskienas"]
[Black "Gambitmiau"]
[WhiteElo "1809"]
[BlackElo "1950"]
[Result "0-1"]
[Round "1"]
1.e4 Nb8c6
2.Ng1f3 d5
3.exd5 Qd8xd5
4.Nb1c3 Qd5h5
5.Bf1e2 Bc8g4
6.O-O e5
7.d3 Bf8b4
8.Nc3e4 O-O-O
9.Ne4g3 Bb4d6
10.Ng3xh5 Bg4xh5
11.Bc1e3 e4
12.Nf3d2 Bh5xe2
13.Qd1xe2 exd3
14.cxd3 Rd8e8
15.Qe2g4 Kb8
16.Nd2c4 Nc6e5
 { time }
0-1

[Event "Match"]
[Site "www.echecsemail.com"]
[Date "2018.02.06"]
[Round "1"]
[White "Begory"]
[Black "Muderfuger"]
[WhiteElo "1590"]
[BlackElo "1550"]
[Result "0-1"]
[Round "1"]
1.d4 Ng8f6
2.Nb1c3 Nb8c6
3.Bc1f4 Nf6h5
4.Bf4e3 e5
5.dxe5 Nc6xe5
6.Ng1f3 Ne5c4
7.Qd1d5 b5
8.Qd5xh5 Nc4xb2
9.Ra1b1 Nb2a4
10.Nc3xa4 bxa4
11.Qh5e5 Bf8e7
12.Qe5xg7 Rh8f8
13.Qg7xh7 Be7f6
14.Be3h6 Rf8h8
15.Qh7e4 Qd8e7
16.Qe4xa4 Rh8xh6
17.e3 Qe7d6
18.Qa4g4 Bf6c3
19.Ke2 Bc8a6
{ resign }
0-1